00507 2200205 4500001002100000005001700021008004100038035002400079082000800103090001500111100002000126245002900146260002800175300001900203650003300222850001200255980001300267985000600280999001500286YOGYA-0209000005870820090227034543.0 ind  0010-020900000058708 a823 a823bBul J aBULLETT, Gerald aThe JurycGerald Bullett aLondonbJ.M. Dentc1935 a463 hlmc20 cm aKesasteraan Inggris - Cerita aYOPDYOG a07-08-08 a1 aa000048158